| 000 | 00548nam a2200217Ia 4500 | ||
|---|---|---|---|
| 003 | OSt | ||
| 005 | 20250812185732.0 | ||
| 008 | 210423s2017 xx 000 0 und d | ||
| 020 | _a978-81-316-0851-7 | ||
| 040 | _cAL | ||
| 041 | _aEnglish | ||
| 082 |
_a320.8 _bJOSR |
||
| 100 |
_aSanhita Joshi _977007 |
||
| 245 | _aRethinking panchayati raj | ||
| 260 |
_aJaipur _bRawat Publications _c2017 |
||
| 300 |
_a176 _bHB |
||
| 365 |
_b650 _cINR |
||
| 650 |
_aLocal Government _977008 |
||
| 906 | _apanchayati ; raj ; Rethinking | ||
| 942 |
_2ddc _cBK |
||
| 999 |
_c168792 _d168792 |
||